Vytrvalostné schopnosti a ich rozvoj

Na minha lista:
Detalhes bibliográficos
Autor principal: Heriban, Roman, 1973-
Formato: Capítulo de Livro
Idioma:eslovaco
Assuntos:
Tags: Adicionar Tag
Sem tags, seja o primeiro a adicionar uma tag!

MARC

LEADER 00000naa$a2200000$$$4500
001 0306543
005 20251028105639.5
041 0 |a slo 
044 |a SK 
245 1 0 |a Vytrvalostné schopnosti a ich rozvoj  |c Roman Heriban 
500 |a Abstrakt 
610 2 0 |a šport 
610 2 0 |a Slovensko 
610 2 0 |a zdravie 
100 1 |a Heriban, Roman, 1973-